000 00598nam a2200241Ia 4500
003 OSt
005 20220918173121.0
006 a|||||r|||| 00| 0
007 ta
008 220917b |||||||| |||| 00| 0 eng d
024 _a5,194
037 _cTextual
040 _aARTS
_cARTS
_beng
041 _2eng
_aeng
082 _aV73.N5, K4
100 _aBell Daniel
_945023
245 0 _aEnd of ideology
260 _aNew York
_bfree press of Glenoe
_c1984
300 _a416p
_ccm.
650 _aHISTORY
942 _hV73.N5, K4
_cTEXL
_2CC
999 _c147274
_d147274